000 00561nam a2200193 i 4500
001 bgj
100 1 _aGRAY, Elizabeth
245 1 0 _aWelcome :
_bpupil's book /
_cElizabeth Gray ; Virginia Evans.
260 _aNewbury, Berkshire :
_bExpress Publishing,
_c2001.
300 _a110, [17] pp :
_bill. ;
_c30 cm.
650 9 _aEnglish language
_xTextbooks for children
700 1 _aEVANS, Virginia.
_eco-author
020 _a1903128196
040 _cBPK
041 0 _aeng
920 _a1-903128-19-6
942 _cKS
008 s uk f |000 0 eng
999 _c49023
_d49023